000 00249nam a2200109Ia 4500
008 190216s9999||||xx |||||||||||||| ||und||
100 _aBharathi Amma K K
245 0 _aThamarakulam
260 _bSree Buddha Pub
650 _aKavithakal
942 _cBK
999 _c25093
_d25093